| 000 | 00781aam a2200289 4500 | ||
|---|---|---|---|
| 005 | 20251203144430.0 | ||
| 008 | 150805b1995 xxu||||| |||| 00| 0 spa d | ||
| 020 | _a9500623129 | ||
| 041 | _aESP | ||
| 082 | _a617.643 V623a | ||
| 100 |
_aViazis, Anthony _918090 |
||
| 245 | _aAtlas de ortodoncia: principios y aplicaciones clínicas | ||
| 260 | _aEspaña | ||
| 260 | _bEditorial Médica Panamericana | ||
| 260 | _c1995 | ||
| 300 | _a325 páginas | ||
| 300 | _bIlustraciones a color | ||
| 490 | _aMecánica Dental | ||
| 650 | _aORTODONCIA | ||
| 650 | _aCEFALOMETRÍA | ||
| 650 | _aODONTOLOGÍA ESTÉTICA | ||
| 650 | _aMECANOTERAPIA ORTODÓNTICA | ||
| 650 | _aMOVIMIENTO DENTARIO | ||
| 650 | _aAPARATOLOGÍA DENTAL | ||
| 650 | _aHIGIENE ORAL | ||
| 942 |
_cBK _2ddc |
||
| 999 |
_c505 _d505 |
||